00551nam a22001577a 450000500170000001000150001702000260003203500140005803700090007208200080008124500880008926000790017727000840025630000500034070000030039020240621112556.0 aHIN-127861 a9788188121106c700.00 aHN-100207 bDBAD a821 aसंत मलूक ग्रंथावली /cबलदेव वंशी  aदिल्लीbपरमेशवरी प्रकाशन c2023  aबी-109, प्रीत विहार bनई दिल्लीe110092 a332 पिष्ट.c22 (सजिल्द)